Electric resistance welding: a practical guide to spot, steam, and projection and butt welding methods (Record no. 1933)

000 -LEADER
fixed length control field 00454nam a22001457a 4500
008 - FIXED-LENGTH DATA ELEMENTS--GENERAL INFORMATION
fixed length control field 200207b ||||| |||| 00| 0 eng d
082 00 - DEWEY DECIMAL CLASSIFICATION NUMBER
Classification number 671
Item number B9851
100 ## - MAIN ENTRY--PERSONAL NAME
9 (RLIN) 1529
Personal name Butler, H. E. J.
245 10 - TITLE STATEMENT
Title Electric resistance welding: a practical guide to spot, steam, and projection and butt welding methods
260 ## - PUBLICATION, DISTRIBUTION, ETC. (IMPRINT)
Place of publication, distribution, etc London
Name of publisher, distributor, etc George Newnes Ltd.
Date of publication, distribution, etc 1950
300 ## - PHYSICAL DESCRIPTION
Extent 170p.
365 ## - TRADE PRICE
Unit of pricing 12.01
650 #0 - SUBJECT ADDED ENTRY--TOPICAL TERM
Topical term or geographic name as entry element Electric Welding
942 ## - ADDED ENTRY ELEMENTS (KOHA)
Item type Books
Holdings
Withdrawn status Lost status Source of classification or shelving scheme Damaged status Not for loan Permanent location Current location Date acquired Source of acquisition Full call number Barcode Date last seen Koha item type
          IMU Kolkata IMU Kolkata 1953-03-13 A. H. Wheeler 671 B9851 01637 2020-02-07 Books
          IMU Kolkata IMU Kolkata 1953-03-13 A. H. Wheeler 671 B9851 01638 2020-02-07 Books
Designed and Maintained by IMU-KC Library, Kolkata Campus © Copyright All Rights Reserved

webs counters

Powered by Koha